| 000 | 01236nam a2200337Ia 4500 | ||
|---|---|---|---|
| 001 | ebr10570759 | ||
| 003 | CaPaEBR | ||
| 006 | m u | ||
| 007 | cr cn||||||||| | ||
| 008 | 120425s2012 nju s 001 0 eng d | ||
| 010 | _z 2012017199 | ||
| 020 | _z9781118290316 | ||
| 020 | _z9781118333969 | ||
| 040 |
_aCaPaEBR _cCaPaEBR |
||
| 035 | _a(OCoLC)802056464 | ||
| 050 | 1 | 4 |
_aHD9696.2.U64 _bA67325 2012eb |
| 082 | 0 | 4 |
_a658.5/752 _223 |
| 100 | 1 |
_aEdson, John, _d1966- |
|
| 245 | 1 | 0 |
_aDesign like Apple _h[electronic resource] : _bseven principles for creating insanely great products, services, and experiences / _cJohn Edson. |
| 260 |
_aHoboken, N.J. : _bWiley, _c2012. |
||
| 300 | _a192 p. | ||
| 500 | _aIncludes index. | ||
| 533 |
_aElectronic reproduction. _bPalo Alto, Calif. : _cebrary, _d2011. _nAvailable via World Wide Web. _nAccess may be limited to ebrary affiliated libraries. |
||
| 610 | 2 | 0 | _aApple Computer, Inc. |
| 650 | 0 | _aProduct design. | |
| 650 | 0 | _aCustomer services. | |
| 650 | 0 | _aMarketing. | |
| 655 | 7 |
_aElectronic books. _2local |
|
| 710 | 2 | _aebrary, Inc. | |
| 856 | 4 | 0 |
_uhttp://site.ebrary.com/lib/rucke/Doc?id=10570759 _zAn electronic book accessible through the World Wide Web; click to view |
| 999 |
_c80688 _d80688 |
||